Guess the RPDR Winners - Statistics

General Stats
  • This quiz has been taken 21 times
    9 since last reset
  • The average score is 16 of 17
Answer Stats
Picture Answer % Correct
Aquaria
100%
Bebe Zahara Benet
100%
Bianca Del Rio
100%
Bob the Drag Queen
100%
Raja Gemini
100%
Sasha Velour
100%
Violet Chachki
100%
Yvie Oddly
100%
Jaida Essence Hall
89%
Jinkx Monsoon
89%
Nymphia Wind
89%
Sasha Colby
89%
Sharon Needles
89%
Symone
89%
Tyra Sanchez
89%
Willow Pill
89%
Onya Nerve
78%
No matching quizzes found
Score Distribution
Percent of People with Each Score
Percentile by Number Answered
Your Score History
You have not taken this quiz since the last reset